000 00505nam a22001697a 4500
005 20240108101704.0
008 220209b ||||| |||| 00| 0 eng d
020 _a978-93-88194-13-6
041 _aeng
082 _a615.9
100 _aUSMAN, DR.MD.RAGEE JAGTAP Dr. VAIBHAVKUMAR , SALUNKHE Mr. ATISH AND CHAUBEY Dr. NEELEAH
_98270
245 _aA TEXTBOOK OF PHARMACEUTICAL ENGINEERING [SEM-II]
260 _aPUNE
_bNIRALI PRAKASHAN
300 _a11.22;p
650 _aPHARMACY
_xB.PHARMA
942 _cBK
999 _c7881
_d7879